| 000 | 00380nam a22001337a 4500 | ||
|---|---|---|---|
| 040 | _cNUST | ||
| 082 |
_a629.1343 _bHIT |
||
| 100 |
_aHitchens, Frank E. _9118633 |
||
| 245 |
_aPropellor Aerodynamics : _bThe History, Aerodynamics & Operation of Aircraft Propellers / _cFrank E. Hitchens |
||
| 260 |
_aUK : _bAndrews ; _c2015. |
||
| 300 | _a195p. | ||
| 521 | _bHB | ||
| 942 |
_2ddc _cBK |
||
| 999 |
_c606816 _d606816 |
||